| 000 | 00403nam a2200145Ia 4500 | ||
|---|---|---|---|
| 008 | 211109s9999||||xx |||||||||||||| ||und|| | ||
| 082 |
_a320.55 _bVIJ-V |
||
| 100 | _aVijayan, O V | ||
| 245 | 0 | _aVargasamaram Swatwom | |
| 260 |
_bDC Books _aKottayam _c1988 |
||
| 300 | _a95p. | ||
| 630 | _xGENERAL STACK | ||
| 650 |
_aPolitical science _vSocial sciences _xPolitics and governmentGeneralia |
||
| 942 | _cBOOK | ||
| 999 |
_c44729 _d44729 |
||